书目信息 |
| 题名: |
军制史话
|
|
| 作者: | 刘昭祥 , 王晓卫 著 | |
| 分册: | ||
| 出版信息: | 北京 社会科学文献出版社 2011.11 |
|
| 页数: | 193页 | |
| 开本: | 21cm | |
| 丛书名: | 中国史话 | |
| 单 册: | ||
| 中图分类: | E291 | |
| 科图分类: | ||
| 主题词: | 军制--军事史--中国--古代 , 军制 , 军事史 | |
| 电子资源: | ||
| ISBN: | 978-7-5097-2612-9 | |
| 000 | 01101oam2 2200313 450 | |
| 001 | 010700118278 | |
| 005 | 20120619083403.87 | |
| 010 | @a978-7-5097-2612-9@dCNY15.00 | |
| 100 | @a20120105d2011 em y0chiy0110 ea | |
| 101 | 0 | @achi |
| 102 | @aCN@b110000 | |
| 105 | @ac z 000yy | |
| 106 | @ar | |
| 200 | 1 | @a军制史话@9jun zhi shi hua@dA brief of military in China@f刘昭祥,王晓卫著@zeng |
| 210 | @a北京@c社会科学文献出版社@d2011.11 | |
| 215 | @a193页@c肖像@d21cm | |
| 225 | 2 | @a中国史话@i制度、名物与史事沿革系列 |
| 308 | @a总丛编序号:049 | |
| 330 | @a本书以翔实、丰富的历史资料为基础,对夏商周三代至清代的军制及其发展演变情况,进行了系统、详细的阐述,内容涉及各代军事领导体制、军队构成、组织编制、武器装备制度等诸方面。 | |
| 462 | 0 | @12001 @a制度、名物与史事沿革系列 |
| 510 | 1 | @aBrief of military in China@zeng |
| 606 | 0 | @a军制@x军事史@y中国@z古代 |
| 606 | 0 | @a军制 |
| 606 | 0 | @a军事史 |
| 690 | @aE291@v4 | |
| 701 | 0 | @a刘昭祥@9liu zhao xiang@f(1952~)@4著 |
| 701 | 0 | @a王晓卫@9wang xiao wei@f(1952~)@4著 |
| 801 | 0 | @aCN@bNLC@c20120224 |
| 905 | @b538218-22@dE291@e71@f5 | |
| 军制史话=A brief of military in China/刘昭祥,王晓卫著.-北京:社会科学文献出版社,2011.11 |
| 193页:肖像;21cm.-(中国史话.制度、名物与史事沿革系列) |
| ISBN 978-7-5097-2612-9:CNY15.00 |
| 本书以翔实、丰富的历史资料为基础,对夏商周三代至清代的军制及其发展演变情况,进行了系统、详细的阐述,内容涉及各代军事领导体制、军队构成、组织编制、武器装备制度等诸方面。 |
| ● |
| 相关链接 |
|
|
|
|
正题名:军制史话
索取号:E291/71
 
预约/预借
| 序号 | 登录号 | 条形码 | 馆藏地/架位号 | 状态 | 备注 |
| 1 | 538218 | 205382183 | 第一样本阅览室/ [索取号:E291/71] | 在馆 | |
| 2 | 538219 | 205382192 | 第一借阅区/ [索取号:E291/71] | 在馆 | |
| 3 | 538220 | 205382209 | 第一借阅区/ [索取号:E291/71] | 在馆 | |
| 4 | 538221 | 205382218 | 第一借阅区/ [索取号:E291/71] | 在馆 | |
| 5 | 538222 | 205382227 | 第一借阅区/ [索取号:E291/71] | 在馆 |